00876nam a2200205Ia 4500008004100000020001500041041001200056082001100068100001500079245006800094250000800162260003200170300000900202650001900211700001300230942000700243999001500250952019600265952020900461221030s9999 xx 000 0 und d a8170089926 aEnglish a105.23 aN. P. Bali 2aA Text Book of Engineering Mathematicscby N. P. Bali, M. Goyal a7th bLaxmi Pub.aNew Delhic2009 a1530 aBE Mathematics aM. Goyal cBK c8838d8838 pBE 10362g675.00i79l0o105.23 eDurga Books, Amritsarr2024-06-13 00:00:00w2022-10-30yBK003Print4071aMIETLIBbMIETLIBcBL-Academic Block B, FL-1, CUP-17, SH-5, R-5d2010-02-1910HBE pBE 10363g675.00i79l2o105.23 eDurga Books, Amritsarr2024-10-10 00:00:00s2024-10-10w2022-10-30yBK003Print4070aMIETLIBbMIETLIBcBL-Academic Block A, FL-1, CUP-129, SH-3, R-3d2010-02-1910HBE